000 00603nam a2200181 a 4500
001 000016902
005 20240229073943.0
008 100312s1978 dr a 000 0 spa d
040 _aDO-SdBNP
_bspa
_cBNPHU
082 _axxx
_bE96t
245 0 0 _aExposición temporal de máscaras de carnaval dominicanas /
_ceditor José Chez Checo.
260 _aSanto Domingo :
_bMuseo del Hombre Dominicano
_fTaller
_c1978.
300 _a28 p. :
_bil. ;
_c20 cm.
490 1 _aCatálogos y memorias
_v7
700 1 _aChez Checo, José,
_d1949-
_eed.
_910145
830 0 _aCatálogos y memorias
_n7
_937391
049 _aBNPD
999 _c16434
_d16434